LEADER 01259nam 2200433 450 001 9910465216003321 005 20200520144314.0 010 $a93-86056-54-2 035 $a(CKB)3710000000727633 035 $a(MiAaPQ)EBC4543594 035 $a(Au-PeEL)EBL4543594 035 $a(CaPaEBR)ebr11298574 035 $a(OCoLC)964408154 035 $a(EXLCZ)993710000000727633 100 $a20161125h20152015 uy 0 101 0 $aeng 135 $aurcnu|||||||| 181 $2rdacontent 182 $2rdamedia 183 $2rdacarrier 200 00$aMaster techniques in ophthalmic surgery /$feditor, F. Hampton Roy ; co editor, Renee Tindall 205 $aSecond edition. 210 1$aNew Delhi, India :$cJaypee Brothers Medical Publishers,$d2015. 210 4$d©2015 215 $a1 online resource (1,184 pages) $cillustrations (some color) 311 $a93-5152-501-5 606 $aEye$xSurgery 608 $aElectronic books. 615 0$aEye$xSurgery. 676 $a617.7/1 702 $aRoy$b F. Hampton 702 $aTindall$b Renee 801 0$bMiAaPQ 801 1$bMiAaPQ 801 2$bMiAaPQ 906 $aBOOK 912 $a9910465216003321 996 $aMaster techniques in ophthalmic surgery$92045847 997 $aUNINA LEADER 02335nam0 2200517 i 450 001 CFI0140582 005 20251003044125.0 010 $a8808021661 020 $aIT$b90-12748 035 $a(OCoLC)799756535 100 $a20181119d1988 ||||0itac50 ba 101 | $aita 102 $ait 181 1$6z01$ai $bxxxe 182 1$6z01$an 183 1$6z01$anc$2RDAcarrier 200 1 $aˆLa ‰scienza del suono$fJohn R. Pierce 210 $aBologna$cZanichelli$d1988 215 $a249 p.$cill.$d24 cm 225 | $aNuovi classici della scienza$v5 300 $aTrad. di Niccolò Guicciardini. 410 0$1001CFI0046010$12001 $aNuovi classici della scienza$v5 500 10$aˆThe ‰science of musical sound$3CFI0140585$9CFIV016472$913178 606 $aSuono$2FIR$3CFIC000557$9E 676 $a534$9Acustica.$v12 676 $a534$9Suono e vibrazioni connesse$v14 676 $a534$9SUONO E VIBRAZIONI CONNESSE$v20 676 $a534.015$9SUONO E VIBRAZIONI CONNESSE. PRINCIPI SCIENTIFICI$v19 676 $a781.2$9PRINCIPI GENERALI E FORME MUSICALI. Elementi della musica.$v22 676 $a781.22$9ELEMENTI DELLA MUSICA. TEMPO$v21 676 $a781.23$9ELEMENTI DELLA MUSICA. SUONO MUSICALE$v21 676 $a781.23$9ELEMENTI DELLA MUSICA. SUONO MUSICALE$v23 700 1$aPierce$b, John Robinson$3CFIV016472$4070$049829 790 1$aPierce$b, John R.$3UFEV410542$zPierce, John Robinson 801 3$aIT$bIT-000000$c20181119 850 $aIT-BN0095 $aIT-SA0200 $aIT-SA0002 $aIT-NA0070 $aIT-NA0701 901 $bNAP BU$c17 B $nPropedeutica. Formato cm. 20,1-28. 901 $bNAP MP$cSALA 2 $n$ 901 $bNAP 63$cMOD $n$ 901 $bNAP 01$cPOZZO LIB.$nVi sono collocati fondi di economia, periodici di ingegneria e scienze, periodici di economia e statistica e altri fondi comprendenti documenti di economia pervenuti in dono. 901 $bNAP AE$cFISICA $n$ 912 $aCFI0140582 950 0$aBiblioteca Centralizzata di Ateneo$c1 v.$d 01POZZO LIB.ECON MON 9311$e 0101 0000113515E VMA 1 v. (precedente collocazione: GUERRAZZI B 1761)$fB $h20091229$i20091229 977 $a 01$a 63$a AE$a BU$a MP 996 $aScience of musical sound$913178 997 $aUNISANNIO